Trái cây đại chiến Zombie - Câu đố bí ẩn về động thực vật : Truyện tranh

Nội dung sách xoay quanh những câu chuyện thú vị giữa trái cây và zombie, giới thiệu những điều bí ẩn diệu kỳ nhất của thế giới sinh vật, mở ra một góc của thế giới động thực vật muôn màu...

全面介绍

Đã lưu trong:
书目详细资料
主要作者: Tiếu Giang Nam
其他作者: Đàm Hưng (Dịch)
格式: 图书
语言:Vietnamese
出版: H. Phụ nữ Việt Nam 2023
主题:
标签: 添加标签
没有标签, 成为第一个标记此记录!
Thư viện lưu trữ: Thư viện Trường Đại học Nam Cần Thơ
LEADER 01150nam a22002057a 4500
001 NCT_4_010665
008 240618b xxu||||| |||| 00| 0 vie d
999 |c 8482  |d 8482 
020 |a 9786043908053  |c 95000 
082 0 4 |2 23rd ed.  |a 895.13  |b N104 
100 1 |a Tiếu Giang Nam 
245 1 0 |a Trái cây đại chiến Zombie - Câu đố bí ẩn về động thực vật :  |b Truyện tranh  |c Tiểu Giang Nam; Đàm Hưng (dịch) 
260 |a H.  |b Phụ nữ Việt Nam  |c 2023 
300 |a 165 tr.  |b Ảnh màu  |c 24cm 
520 3 |a Nội dung sách xoay quanh những câu chuyện thú vị giữa trái cây và zombie, giới thiệu những điều bí ẩn diệu kỳ nhất của thế giới sinh vật, mở ra một góc của thế giới động thực vật muôn màu 
653 |a Tham khảo 
700 1 |a Đàm Hưng  |e Dịch 
942 |2 ddc  |c BK 
952 |0 0  |1 0  |2 ddc  |4 0  |6 895_130000000000000_N104  |7 0  |9 29164  |a 000001  |b 000001  |d 2024-06-18  |o 895.13 N104  |p TK.04361  |r 2024-06-18  |t 95000  |w 2024-06-18  |y BK 
980 |a Thư viện Trường Đại học Nam Cần Thơ